| 000 | 01704nam a2200433 i 4500 | ||
|---|---|---|---|
| 001 | 49201 | ||
| 003 | FINmELB | ||
| 005 | 20241216232018.0 | ||
| 006 | m o u | ||
| 007 | cr cn||||||||| | ||
| 008 | 200605s2005 sp ob 000 0 spa d | ||
| 020 |
_a9788417066871 _q(e-book) |
||
| 020 | _z9788496373372 | ||
| 035 | _a(OCoLC)1158195368 | ||
| 040 |
_aFINmELB _bspa _erda _cFINmELB |
||
| 050 | 0 | 0 |
_aPS153.P83 _bD663 2005 |
| 080 | _a821.111(73)-3.09 | ||
| 082 | 0 | 0 |
_a813.509 _223 |
| 100 | 1 | _aDomínguez Miguela, Antonia. | |
| 245 | 1 | 0 |
_aPasajes de ida y vuelta : _bla narrativa puertorriqueña en Estados Unidos / _cAntonia Domínguez Miguela. |
| 264 | 1 |
_a[Huelva] : _bUniversidad de Huelva, _c2005. |
|
| 300 | _a1 recurso en línea (371 páginas) | ||
| 336 |
_atexto _btxt _2rdacontent/spa |
||
| 337 |
_acomputadora _bc _2rdamedia/spa |
||
| 338 |
_arecurso en línea _bcr _2rdacarrier/spa |
||
| 490 | 1 |
_aArias Montano ; _v72 |
|
| 504 | _aBibliografía: páginas 357-371. | ||
| 588 | _aDescripción basada en metadatos suministrados por el editor y otras fuentes. | ||
| 590 | _aRecurso electrónico. Santa Fe, Arg.: elibro, 2020. Disponible vía World Wide Web. El acceso puede estar limitado para las bibliotecas afiliadas a elibro. | ||
| 650 | 4 |
_aNovela norteamericana _xAutores puertorriqueños _xHistoria y crítica. |
|
| 650 | 0 |
_aAmerican literature _xPuerto Rican authors _xHistory and criticism. |
|
| 655 | 4 | _aLibros electrónicos. | |
| 797 | 2 | _aelibro, Corp. | |
| 830 | 0 |
_aSerie Arias Montano ; _v72. |
|
| 856 | 4 | 0 | _uhttps://elibro.net/ereader/politecnicointernacional/122506 |
| 999 |
_c49201 _d49201 |
||